Управление заказами на ООО «Юргинский машзавод» в системе 1C:предприятие 8.1; Инновационные технологии и экономика в машиностроении

Dades bibliogràfiques
Parent link:Инновационные технологии и экономика в машиностроении.— 2013.— [С. 369-372]
Autor principal: Штоллер Д. В.
Sumari:Заглавие с титульного листа.
Idioma:rus
Publicat: 2013
Col·lecció:Автоматизация и информатизация, экономика и менеджмент на предприятии
Matèries:
Accés en línia:http://www.lib.tpu.ru/fulltext/c/2013/C30/097.pdf
Format: MixedMaterials Electrònic Capítol de llibre
KOHA link:https://koha.lib.tpu.ru/cgi-bin/koha/opac-detail.pl?biblionumber=605964

MARC

LEADER 00000naa2a2200000 4500
001 605964
005 20231101132359.0
035 |a (RuTPU)RU\TPU\conf\3326 
035 |a RU\TPU\conf\3325 
090 |a 605964 
100 |a 20140508d2013 k y0rusy50 ca 
101 0 |a rus 
102 |a RU 
105 |a a z 100zy 
135 |a drcn ---uucaa 
181 0 |a i  
182 0 |a b 
200 1 |a Управление заказами на ООО «Юргинский машзавод» в системе 1C:предприятие 8.1  |f Д. В. Штоллер 
203 |a Текст  |c электронный 
215 |a 1 файл (371 Кб) 
225 1 |a Автоматизация и информатизация, экономика и менеджмент на предприятии 
230 |a Электронные текстовые данные (1 файл : 371 Кб) 
300 |a Заглавие с титульного листа. 
320 |a [Библиогр.: с. 372 (2 назв.)] 
337 |a Adobe Reader 
463 1 |0 (RuTPU)RU\TPU\conf\2692  |t Инновационные технологии и экономика в машиностроении  |o сборник трудов IV Международной научно-практической конференции с элементами научной школы для молодых ученых, 23-25 мая 2013 г., Юрга  |f Национальный исследовательский Томский политехнический университет (ТПУ), Юргинский технологический институт (ЮТИ) ; под ред. Д. А. Чинахова  |v [С. 369-372]  |d 2013 
610 1 |a труды учёных ТПУ 
610 1 |a электронный ресурс 
610 1 |a управление 
610 1 |a заказы 
610 1 |a Юргинский машиностроительный завод 
610 1 |a 1С: Предприятие 8.1 
610 1 |a системы управления 
610 1 |a заказчики 
610 1 |a обязательства 
700 1 |a Штоллер  |b Д. В. 
801 2 |a RU  |b 63413507  |c 20230519  |g RCR 
856 4 |u http://www.lib.tpu.ru/fulltext/c/2013/C30/097.pdf 
942 |c BK